00427 2200169 4500001002100000008004100021035002000062245002100082100001000103260004500113300002100158020001800179082001400197650002000211990001300231990001300244INLIS000000000001923 ind  a0010-0423001923 aASOI GEBOI BOHAI aYUDHI aJAKARTA SELATANbGRADIEN MEDIATAMAc2008 a192 hlm.c19 cm. a9786028260060 a899.221 3 aFIKSI INDONESIA a100317-1 a100317-1